• 首页
  • 本馆介绍
  • 公告通知
  • 最新文献
  • 馆藏检索
  • 电子资源
  • 读者导购
  • 参考咨询
  • 我的图书馆
  • 登录
  • 详细信息显示
  • 放入我的书架
  • 预约/预借图书
  • 作者相关作品
  • 分类相关作品
  • 丛书相关作品
  • 出版社相关作品

书目信息

  • 表格格式
  • 工作单格式
  • 卡片格式
题名:
汉书注商
    
 
作者: 吴恂 著
分册:  
出版信息: 上海   上海古籍出版社  
页数: 348页
开本: 20cm
丛书名:
单 册:
中图分类: K234.07
科图分类:
主题词: 中国--古代史--汉代
电子资源:
ISBN:
000 00521nam0 2200205 45
001 0312221749
005 20050419170636.8
010    @dCNY1.10
091    @a11186.50
100    @a20031222d km y0chiy0120 ea
101    @achi
105    @a z 000yy
200 1  @a汉书注商@AHan Shu Zhu Shang@f吴恂著@FWu Xun Zhu
210    @a上海@c上海古籍出版社
215    @a348页@d20cm
606 0  @a中国@x古代史@x汉代
690    @aK234.07@v3
701 0  @a吴恂@4著
801    @aCN@bTSTCL@c20031222
905    @dK234.07@e14@b175003@f1
    
    汉书注商/吴恂著.-上海:上海古籍出版社
    348页;20cm
    
    
    ISBN :CNY1.10
    
●
相关链接 在E读中查询图书 在五车中查询图书 在当当中查询图书 在豆瓣中查询图书


正题名:汉书注商     索取号:K234.07/14         预约/预借

序号 登录号 条形码 馆藏地/架位号 状态 备注
1 0171234   001280429   第二借阅区/ [索取号:K234.07/14] 在馆    
2 0171235   001285576   第二样本阅览室/ [索取号:K234.07/14] 在馆    
3 0175003   001989469   第二借阅区/ [索取号:K234.07/14] 在馆    
4 0177618   001280410   第二借阅区/ [索取号:K234.07/14] 在馆    
5 0177619   001280447   第二借阅区/ [索取号:K234.07/14] 在馆    
6 0177620   001280438   第二借阅区/ [索取号:K234.07/14] 在馆    
7 0179757   001280401   第二借阅区/ [索取号:K234.07/14] 在馆    
8 0179758   001285585   第二借阅区/ [索取号:K234.07/14] 在馆    
唐山师范学院图书馆 欢迎您!
大连网信软件有限公司© 版权所有